000 00782cam a2200229 a 4500
001 000006335
005 20200929153922.0
008 831116s1942 ag 000 f spad
040 _aDO-SdBNP
_bspa
_cLC
_dBNPHU
082 _a843.9
_bR749j
100 1 _aRolland, Romain,
_d1866-1944.
_917647
245 1 0 _aJuan Cristóbal /
_cRomain Rolland ; versión castellana Miguel de Toro y Gómez..
260 _aBuenos Aires :
_bLibrería Hachette s.a.,
_c1942.
300 _av. ;
_c19 cm.
505 1 _gv. 6.
_tAntonieta.
500 _aLa biblioteca sólo posee el volumen 6.
650 4 _aNovela francesa
_91075
650 4 _aLiteratura francesa
_ySIGLO XX
_94232
700 1 _aToro y Gómez, Miguel de,
_d1851-1922,
_etr.
_917648
910 _aCatalogación por copia / LC
049 _aBNGR
999 _c6130
_d6130